000 01390nam a2200325 b 4500
001 bimo0001067266
003 SpMaBN
005 20190509120231.0
008 981127s1998 sp | o||| ||spa
016 7 _abimoBNE19983161461
_2SpMaBN
017 _aM 35871-1998
_bOficina Depósito Legal Madrid
020 _a8476660928
035 _a(OCoLC)432402967
040 _aSpMaBN
_cIUNIR
080 0 _a377 ANT
100 1 _aAnta, Gregorio
245 1 0 _aProcesos de acreditación y certificación de la competencia laboral
_cGregorio Anta
260 _aMadrid
_bOrganización de Estados Iberoamericanos para la Educación, la Ciencia y la Cultura
_c1998
300 _a128 p.
_c23 cm
490 1 _aPrograma de Cooperación Iberoamericana para el Diseño de la Formación Profesional, IBERFOP
_v2
650 7 _aCualificaciones profesionales
_xCertificación
_2embne
650 1 0 _aEducación Superior
_9489
710 2 _aOrganización de Estados Iberoamericanos para la Educación, la Ciencia y la Cultura
830 0 _aPrograma de Cooperación Iberoamericana para el Diseño de la Formación Profesional, IBERFOP (Serie)
_v2
942 _2cdu
_cBK
956 _a2
980 _aM 35871-1998
_a84-7666-092-8
_aM-BN
_bBNALCALA
_j10/96272
_cALCALA
980 _aM 35871-1998
_a84-7666-092-8
_aM-BN
_bBNALCALA
_jAHM/402668
_cSALA_ALC
980 _aM 35871-1998
_aM-BN
_bBNALCALA
_jDL/877347
_cCONSERVACI
999 _c4602
_d4602